000
00295nam a22001337a 4500
008
180919b xxu||||| |||| 00| 0 eng d
020
_a
9780826110619
041
_a
eng
080
_2
3rd
_a
610.73
100
_a
1
101
_a
INF
245
_a
Nursing Education
_c
Oermann,M.H
942
_2
udc
_c
BK
999
_c
48047
_d
48047